[Event "Quebec-ch Seniors 50+"]
[Site "Montreal CAN"]
[Date "2019.04.28"]
[Round "4"]
[White "Morissette, Jean"]
[Black "Goldner, John"]
[Result "1/2-1/2"]
[WhiteElo "1830"]
[BlackElo "1707"]
[PlyCount "199"]
[EventDate "2019.04.26"]
[EventType "swiss"]
[EventRounds "5"]
[EventCountry "CAN"]

1. d4 d5 2. c4 e6 3. Nf3 c5 4. cxd5 exd5 5. Nc3 Nc6 6. g3 Nf6 7. Bg2 Be7 8. O-O
O-O 9. dxc5 Bxc5 10. Bg5 Be7 11. Rc1 Be6 12. Nd4 Nxd4 13. Qxd4 h6 14. Bf4 Qa5
15. Qa4 Qxa4 16. Nxa4 Rac8 17. Nc3 d4 18. Nb5 Bxa2 19. Bxb7 Rxc1 20. Rxc1 Bd5
21. Rc7 Bd8 22. Bxd5 Bxc7 23. Nxc7 Nxd5 24. Nxd5 Rd8 25. Nb4 f6 26. Kg2 Kf7 27.
Kf3 Ke6 28. g4 f5 29. gxf5+ Kxf5 30. Nd3 g5 31. Bd2 h5 32. h3 Re8 33. Nc1 g4+
34. hxg4+ hxg4+ 35. Kg2 Rc8 36. b4 Rc2 37. Nb3 Ke4 38. Kg3 Rb2 39. Nc5+ Kf5 40.
Bh6 Rxb4 41. Bg7 a5 42. f3 gxf3 43. Kxf3 a4 44. e4+ dxe3 45. Kxe3 a3 46. Nd3
Rb3 47. Kd2 Rb7 48. Bc3 a2 49. Nc1 Ra7 50. Nxa2 Rxa2+ 51. Kd3 Ra3 52. Kc4 Ra4+
53. Kd5 Ra3 54. Kd4 Ra4+ 55. Kd5 Ra8 56. Bg7 Rd8+ 57. Kc6 Ke6 58. Kc5 Rd7 59.
Ba1 Rd1 60. Bh8 Kf5 61. Kc4 Ke4 62. Kc5 Rd8 63. Bg7 Rd7 64. Bh8 Rb7 65. Kd6 Kf5
66. Kd5 Rd7+ 67. Kc6 Ke6 68. Kc5 Rd5+ 69. Kc4 Rd1 70. Bb2 Kf5 71. Bg7 Ke4 72.
Kc5 Rd7 73. Bh8 Rd8 74. Bg7 Rc8+ 75. Kd6 Ra8 76. Bb2 Rc8 77. Bg7 Kf5 78. Kd5
Rd8+ 79. Kc4 Ke4 80. Kc5 Kf5 81. Bb2 Ke4 82. Kc6 Rd5 83. Bg7 Ra5 84. Kd6 Kd3
85. Ke6 Ke4 86. Kd6 Ra8 87. Bb2 Rg8 88. Ke6 Rg6+ 89. Kd7 Kd5 90. Kc7 Rg8 91.
Bc3 Rg6 92. Bb2 Re6 93. Ba1 Rc6+ 94. Kb7 Kc5 95. Bd4+ Kb5 96. Be5 Re6 97. Bg3
Re7+ 98. Kc8 Kc6 99. Kd8 Rg7 100. Bf2 1/2-1/2

[Event "Quebec-ch Seniors 50+"]
[Site "Montreal CAN"]
[Date "2019.04.28"]
[Round "4"]
[White "Samson, Gaetan"]
[Black "Kozlov, Guennadi"]
[Result "1-0"]
[WhiteElo "1810"]
[BlackElo "1602"]
[PlyCount "69"]
[EventDate "2019.04.26"]
[EventType "swiss"]
[EventRounds "5"]
[EventCountry "CAN"]

1. e4 e6 2. d4 d5 3. exd5 exd5 4. Nf3 Bd6 5. Bd3 Ne7 6. O-O Bg4 7. Re1 f6 8.
Nbd2 Nbc6 9. c3 Qd7 10. a4 O-O 11. Nf1 Bf5 12. Ne3 Bxd3 13. Qxd3 Ng6 14. b4
Nce7 15. Nf1 Nf5 16. Ng3 Nxg3 17. fxg3 Rfe8 18. Bd2 Rxe1+ 19. Rxe1 Qxa4 20. Qf5
Nf8 21. Qxd5+ Kh8 22. Qxb7 Re8 23. Rxe8 Qxe8 24. Qxa7 Qe2 25. Qa1 g5 26. Qe1
Qb5 27. Kf2 Kg7 28. Qe4 Qd7 29. c4 c6 30. d5 cxd5 31. Qxd5 Ng6 32. Nd4 Ne7 33.
Qe6 Qd8 34. Qxe7+ Bxe7 35. Ne6+ 1-0

[Event "Quebec-ch Seniors 50+"]
[Site "Montreal CAN"]
[Date "2019.04.28"]
[Round "5"]
[White "Morin, Louis"]
[Black "Bisaillon, Marc"]
[Result "1-0"]
[WhiteElo "1865"]
[BlackElo "1734"]
[PlyCount "81"]
[EventDate "2019.04.26"]
[EventType "swiss"]
[EventRounds "5"]
[EventCountry "CAN"]

1. e4 d5 2. exd5 Nf6 3. d4 Bg4 4. Be2 Bxe2 5. Qxe2 Qxd5 6. Nf3 Nc6 7. Nc3 Qf5
8. Qb5 Qxb5 9. Nxb5 O-O-O 10. Ng5 Nxd4 11. Nxd4 Rxd4 12. Be3 Rd7 13. Nxf7 Rg8
14. O-O e6 15. Ng5 Nd5 16. Nxe6 Nxe3 17. Nxf8 Rxf8 18. fxe3 Rxf1+ 19. Rxf1 Re7
20. Kf2 Kd7 21. Ke2 Kd6 22. Rf5 c5 23. Kf3 g6 24. Rg5 Rf7+ 25. Ke2 a6 26. e4 b5
27. Rd5+ Kc6 28. Rd1 a5 29. Rf1 Re7 30. Rf6+ Kb7 31. Ke3 a4 32. Kf4 b4 33. e5
c4 34. e6 b3 35. axb3 c3 36. bxc3 a3 37. Ke5 Kc6 38. Rf1 Ra7 39. Kf6 a2 40. e7
Kd7 41. Rd1+ 1-0

[Event "Quebec-ch Seniors 50+ Participation"]
[Site "Montreal CAN"]
[Date "2019.04.26"]
[Round "1"]
[White "Forget, Gaetan"]
[Black "Nanescu, Marin"]
[Result "0-1"]
[WhiteElo "913"]
[BlackElo "1316"]
[PlyCount "58"]
[EventDate "2019.04.26"]
[EventType "swiss"]
[EventRounds "5"]
[EventCountry "CAN"]

1. e4 c5 2. Bc4 Nc6 3. c3 Nf6 4. d3 e5 5. Be3 d6 6. h3 Be7 7. Ne2 a6 8. a4 Na5
9. Ba2 c4 10. d4 Nxe4 11. f3 Bh4+ 12. g3 Nxg3 13. Rg1 Nf5+ 14. Bf2 Bxf2+ 15.
Kxf2 Be6 16. dxe5 dxe5 17. Nd2 Qb6+ 18. Kg2 Ne3+ 19. Kh2 Nxd1 20. Raxd1 O-O-O
21. Ne4 Qe3 22. Nd6+ Kb8 23. Rg2 Qxf3 24. Kg1 Kc7 25. Rf1 Qe3+ 26. Kh2 Rxd6 27.
Ng3 Rd2 28. Rfg1 h5 29. Nf1 Qxh3# 0-1

[Event "Quebec-ch U20"]
[Site "Montreal CAN"]
[Date "2019.04.27"]
[Round "2.1"]
[White "Rodrigue-Lemieux, Shawn"]
[Black "Ouellet, Maili-Jade"]
[Result "1-0"]
[WhiteElo "2372"]
[BlackElo "2237"]
[PlyCount "157"]
[EventDate "2019.04.26"]
[EventType "swiss"]
[EventRounds "5"]
[EventCountry "CAN"]

1. Nf3 d5 2. g3 Nf6 3. Bg2 e6 4. O-O Be7 5. d3 O-O 6. Nbd2 c5 7. e4 Nc6 8. e5
Nd7 9. Re1 Qc7 10. Qe2 b6 11. Nf1 Ba6 12. Bf4 Rfe8 13. h4 Rad8 14. h5 Nf8 15.
h6 Ng6 16. hxg7 Kxg7 17. Qd2 Kh8 18. N1h2 Rg8 19. Ng4 Nxf4 20. Qxf4 Rdf8 21.
Nf6 Rg6 22. Nh4 Rxf6 23. exf6 Qxf4 24. fxe7 Qb8 25. exf8=B Qxf8 26. a3 Nd4 27.
Rac1 Qh6 28. f4 c4 29. dxc4 Bxc4 30. Kf2 Qf6 31. c3 Nb3 32. Rcd1 Nc5 33. Re3
Bb3 34. Rd4 a5 35. Kg1 Bc2 36. Rd2 Be4 37. Kh2 Nb3 38. Rde2 Nc1 39. Rf2 Nd3 40.
Rfe2 Bxg2 41. Nxg2 Nc5 42. Ne1 a4 43. Nf3 Ne4 44. c4 Qh6+ 45. Kg2 Nf6 46. Ne5
Kg7 47. Re1 Kf8 48. Rc1 dxc4 49. Rxc4 Nd5 50. Rf3 Qh5 51. Rxa4 Qf5 52. Ra8+ Kg7
53. Ra7 Qc2+ 54. Kh3 Qf5+ 55. g4 Nxf4+ 56. Rxf4 Qxf4 57. Rxf7+ Qxf7 58. Nxf7
Kxf7 59. Kg3 Ke7 60. Kf4 Kd6 61. Ke4 Kc5 62. b3 Kd6 63. g5 e5 64. a4 Kc5 65.
Kxe5 Kb4 66. Kf6 Kxb3 67. Kg7 Kxa4 68. Kxh7 b5 69. g6 b4 70. g7 b3 71. g8=Q Ka3
72. Qa8+ Kb2 73. Kg6 Kc1 74. Qc6+ Kb1 75. Qe4+ Kc1 76. Qc4+ Kb2 77. Kf5 Ka1 78.
Qa4+ Kb2 79. Ke4 1-0

[Event "Quebec-ch U20"]
[Site "Montreal CAN"]
[Date "2019.04.27"]
[Round "2.2"]
[White "Yang, Kun"]
[Black "Saha, Ananda"]
[Result "0-1"]
[WhiteElo "993"]
[BlackElo "2261"]
[PlyCount "68"]
[EventDate "2019.04.26"]
[EventType "swiss"]
[EventRounds "5"]
[EventCountry "CAN"]

1. c4 Nf6 2. Nc3 g6 3. Nf3 Bg7 4. g3 O-O 5. Bg2 d6 6. O-O e5 7. d3 Nbd7 8. Bd2
c6 9. e4 a5 10. a3 Nc5 11. Qc2 a4 12. Ra2 b5 13. cxb5 cxb5 14. Be3 Be6 15. Raa1
Rc8 16. Bxc5 Rxc5 17. Qd2 Qb6 18. Rac1 Rfc8 19. d4 exd4 20. Nxd4 Bc4 21. Rfe1
Re8 22. h3 Nd7 23. Nf3 Rcc8 24. Nd5 Bxd5 25. exd5 Rxc1 26. Rxc1 Nc5 27. Nd4 Ne4
28. Bxe4 Bxd4 29. Bg2 Be5 30. Re1 Rc8 31. Rc1 Rxc1+ 32. Qxc1 Qd4 33. Bf3 h5 34.
h4 Bxg3 0-1

[Event "Quebec-ch U20"]
[Site "Montreal CAN"]
[Date "2019.04.27"]
[Round "2.3"]
[White "Tanaka, Tyler"]
[Black "Richard, Leo"]
[Result "1-0"]
[WhiteElo "2241"]
[BlackElo "2100"]
[PlyCount "57"]
[EventDate "2019.04.26"]
[EventType "swiss"]
[EventRounds "5"]
[EventCountry "CAN"]

1. Nf3 d5 2. g3 Nf6 3. Bg2 h6 4. O-O Bf5 5. c4 e6 6. b3 Be7 7. d3 O-O 8. Nbd2
c6 9. Bb2 Nbd7 10. Re1 Nc5 11. b4 Na6 12. a3 dxc4 13. dxc4 Ne4 14. Nxe4 Bxe4
15. Qb3 Bf6 16. Rad1 Qe7 17. Bxf6 Qxf6 18. Rd7 Rab8 19. Qe3 Bxf3 20. Bxf3 Rfd8
21. Red1 Rxd7 22. Rxd7 b6 23. Bxc6 Rd8 24. Qd3 Rf8 25. Qf3 Qg5 26. Bb5 Nb8 27.
Rxa7 Qe5 28. Rb7 Qd6 29. Qd3 1-0

[Event "Quebec-ch U20"]
[Site "Montreal CAN"]
[Date "2019.04.27"]
[Round "2.4"]
[White "Guipi Bopala, Prince Eric jr"]
[Black "Zhong, Kevin"]
[Result "0-1"]
[WhiteElo "1843"]
[BlackElo "2202"]
[PlyCount "58"]
[EventDate "2019.04.26"]
[EventType "swiss"]
[EventRounds "5"]
[EventCountry "CAN"]

1. d4 Nf6 2. c4 e6 3. Nc3 d5 4. cxd5 exd5 5. Bg5 Be7 6. e3 c6 7. Bd3 Nbd7 8.
Nge2 h6 9. Bh4 Nh5 10. Bxe7 Qxe7 11. a3 Nb6 12. b4 Qg5 13. Ng3 Bg4 14. Be2 Bxe2
15. Qxe2 Nxg3 16. hxg3 O-O 17. O-O Nc4 18. a4 Rfe8 19. Rfc1 h5 20. b5 Re6 21.
Qd3 h4 22. Ne2 hxg3 23. Nxg3 Nxe3 24. fxe3 Qxg3 25. bxc6 bxc6 26. Rc3 Rh6 27.
Rf1 Qh2+ 28. Kf2 Rb8 29. Qe2 Rf6+ 0-1

[Event "Quebec-ch U20"]
[Site "Montreal CAN"]
[Date "2019.04.27"]
[Round "3.1"]
[White "Saha, Ananda"]
[Black "Rodrigue-Lemieux, Shawn"]
[Result "0-1"]
[WhiteElo "2261"]
[BlackElo "2372"]
[PlyCount "78"]
[EventDate "2019.04.26"]
[EventType "swiss"]
[EventRounds "5"]
[EventCountry "CAN"]

1. a3 Nf6 2. c4 e6 3. Nf3 d5 4. e3 Be7 5. Nc3 O-O 6. Be2 b6 7. O-O Bb7 8. b4
Nbd7 9. d4 c5 10. bxc5 bxc5 11. Rb1 Rb8 12. Qa4 cxd4 13. Nxd4 Nc5 14. Qc2 Ba8
15. Rd1 Rxb1 16. Qxb1 Qa5 17. Qc2 dxc4 18. Bxc4 Rc8 19. Qa2 Qxc3 20. Bd2 Nce4
21. Bxc3 Nxc3 22. Qb3 Nxd1 23. Nxe6 Nc3 24. Ba6 Bd5 25. Qb2 Na4 26. Qb1 Be4 27.
Qd1 Rb8 28. Qxa4 Rb1+ 29. Bf1 Bd3 30. h4 fxe6 31. Kh2 Rxf1 32. Qxa7 Bd6+ 33. f4
Ng4+ 34. Kg3 Nxe3 35. Qa8+ Kf7 36. Qb7+ Kg6 37. h5+ Kh6 38. Kh4 Nf5+ 39. Kh3
Rh1+ 0-1

[Event "Quebec-ch U20"]
[Site "Montreal CAN"]
[Date "2019.04.27"]
[Round "3.2"]
[White "Zhong, Kevin"]
[Black "Tanaka, Tyler"]
[Result "1/2-1/2"]
[WhiteElo "2202"]
[BlackElo "2241"]
[PlyCount "46"]
[EventDate "2019.04.26"]
[EventType "swiss"]
[EventRounds "5"]
[EventCountry "CAN"]

1. e4 c6 2. d4 d5 3. exd5 cxd5 4. c4 Nf6 5. Nc3 g6 6. Qb3 Bg7 7. cxd5 Nbd7 8.
Be2 Nb6 9. Bf3 O-O 10. Nge2 Bg4 11. Bxg4 Nxg4 12. a4 Nf6 13. a5 Nbxd5 14. Qxb7
Qd6 15. Qb3 Rab8 16. Qd1 Rfc8 17. O-O Nxc3 18. bxc3 Nd5 19. Bd2 e5 20. dxe5
Bxe5 21. g3 Qa6 22. Re1 Bg7 23. Qa4 Nxc3 1/2-1/2

[Event "Quebec-ch U20"]
[Site "Montreal CAN"]
[Date "2019.04.27"]
[Round "3.4"]
[White "Ouellet, Maili-Jade"]
[Black "Kirakov, Marin"]
[Result "1-0"]
[WhiteElo "2237"]
[BlackElo "1656"]
[PlyCount "57"]
[EventDate "2019.04.26"]
[EventType "swiss"]
[EventRounds "5"]
[EventCountry "CAN"]

1. e4 d5 2. e5 e6 3. f4 c5 4. Nf3 Be7 5. Be2 Nc6 6. O-O Nh6 7. d3 O-O 8. c3 Qb6
9. Na3 Bd7 10. Kh1 Rac8 11. Qe1 Kh8 12. Nc2 Qd8 13. a3 Na5 14. Be3 Nb3 15. Rb1
a5 16. h3 Bc6 17. d4 Ba4 18. g4 b6 19. Bd3 c4 20. Be2 b5 21. Bd1 Rb8 22. Bf2 b4
23. axb4 axb4 24. Ne3 Bd7 25. Bc2 bxc3 26. bxc3 Qc8 27. Bh4 Bxh4 28. Qxh4 f5
29. exf6 1-0

[Event "Quebec-ch U20"]
[Site "Montreal CAN"]
[Date "2019.04.27"]
[Round "3.5"]
[White "Richard, Leo"]
[Black "Hu, Raymond"]
[Result "1-0"]
[WhiteElo "2100"]
[BlackElo "1462"]
[PlyCount "75"]
[EventDate "2019.04.26"]
[EventType "swiss"]
[EventRounds "5"]
[EventCountry "CAN"]

1. Nf3 Nf6 2. g3 g6 3. Bg2 Bg7 4. O-O d5 5. c4 e6 6. d4 O-O 7. Nc3 b6 8. Ne5
Bb7 9. Re1 Nbd7 10. f4 c5 11. cxd5 exd5 12. e3 Re8 13. Nb5 Nb8 14. Qc2 Na6 15.
Bd2 Nc7 16. Nxc7 Qxc7 17. Rac1 Rac8 18. Bh3 c4 19. Bxc8 Bxc8 20. Qa4 Bh3 21. b3
Rf8 22. bxc4 Ne4 23. Bb4 Rb8 24. cxd5 Qb7 25. Nc6 Ra8 26. Ne7+ Kh8 27. Qc6 Qb8
28. d6 Nf6 29. f5 Bxf5 30. Nxf5 gxf5 31. d7 Qd8 32. Qxa8 Qxa8 33. Rc8+ Qxc8 34.
dxc8=Q+ Ng8 35. Qxf5 a6 36. Qxf7 a5 37. Bf8 Bxf8 38. Qxf8 1-0

[Event "Quebec-ch U20"]
[Site "Montreal CAN"]
[Date "2019.04.27"]
[Round "3.6"]
[White "Wu, Tony (Dongze)"]
[Black "Yang, Kun"]
[Result "1-0"]
[WhiteElo "1997"]
[BlackElo "993"]
[PlyCount "75"]
[EventDate "2019.04.26"]
[EventType "swiss"]
[EventRounds "5"]
[EventCountry "CAN"]

1. d4 Nf6 2. c4 e6 3. g3 d5 4. Nf3 Be7 5. Bg2 O-O 6. O-O Nbd7 7. Qc2 b6 8. cxd5
exd5 9. Qc6 Ba6 10. Nc3 Rb8 11. Qa4 Qc8 12. Ne5 b5 13. Nc6 bxa4 14. Nxe7+ Kh8
15. Nxc8 Rbxc8 16. Bh3 Rcd8 17. Bg5 h6 18. Bxd7 Rxd7 19. Bxf6 gxf6 20. Rfd1 Re8
21. e3 Rb8 22. Nxa4 Rd6 23. Rac1 c6 24. Rc2 Bb5 25. Nc5 a5 26. a4 Bc4 27. Rdd2
Rdd8 28. Rc3 Ra8 29. Rdc2 Rdc8 30. b3 Ba6 31. Nd7 Rc7 32. Nxf6 Bb7 33. Nxd5
Rac8 34. Nxc7 Rxc7 35. d5 Rc8 36. dxc6 Ba8 37. Rd2 Bxc6 38. Rdc2 1-0

[Event "Quebec-ch U20"]
[Site "Montreal CAN"]
[Date "2019.04.27"]
[Round "3.7"]
[White "Gaumont, Xavier"]
[Black "Guipi Bopala, Prince Eric jr"]
[Result "0-1"]
[WhiteElo "1263"]
[BlackElo "1843"]
[PlyCount "130"]
[EventDate "2019.04.26"]
[EventType "swiss"]
[EventRounds "5"]
[EventCountry "CAN"]

1. e4 e5 2. Nf3 Nc6 3. Bb5 a6 4. Bxc6 dxc6 5. Nxe5 Qd4 6. Ng4 Qxe4+ 7. Ne3 Bc5
8. Nc3 Qg6 9. O-O Nf6 10. d3 O-O 11. Qf3 Ng4 12. Ne4 Nxe3 13. Bxe3 Bxe3 14.
Qxe3 Bf5 15. Ng3 Bd7 16. a3 Rfe8 17. Qf4 Rac8 18. Rfe1 Be6 19. Re3 Qg4 20. Qxg4
Bxg4 21. Rae1 Rxe3 22. Rxe3 Kf8 23. b4 Re8 24. Ne4 b6 25. f3 Bd7 26. Kf2 f5 27.
Ng3 g5 28. Rxe8+ Kxe8 29. Nh5 Kf7 30. Ng3 Ke6 31. c4 Kd6 32. Ke2 c5 33. Kd2
cxb4 34. axb4 a5 35. Kc3 Ke5 36. d4+ Kf4 37. Kd3 g4 38. Ne2+ Kg5 39. fxg4 axb4
40. c5 Bb5+ 41. Kd2 Bxe2 42. Kxe2 bxc5 43. dxc5 Kxg4 44. Kd3 h5 45. Kc4 f4 46.
Kxb4 h4 47. Kb5 h3 48. gxh3+ Kxh3 49. Kc6 f3 50. Kxc7 f2 51. c6 f1=Q 52. Kd7
Qf7+ 53. Kd6 Kxh2 54. c7 Qe8 55. Kc5 Qc8 56. Kc6 Kg3 57. Kd6 Kf4 58. Kc6 Ke5
59. Kb6 Kd6 60. Ka7 Qxc7+ 61. Ka8 Qa5+ 62. Kb7 Kd7 63. Kb8 Qb5+ 64. Ka8 Kc7 65.
Ka7 Qa4# 0-1

[Event "Quebec-ch U20"]
[Site "Montreal CAN"]
[Date "2019.04.27"]
[Round "3.8"]
[White "Jiang, Barron Jiyu"]
[Black "Bilodeau-Savaria, Carl-William"]
[Result "0-1"]
[WhiteElo "1598"]
[BlackElo "1319"]
[PlyCount "128"]
[EventDate "2019.04.26"]
[EventType "swiss"]
[EventRounds "5"]
[EventCountry "CAN"]

1. e4 e5 2. Nf3 Nc6 3. d4 exd4 4. Nxd4 d5 5. exd5 Qxd5 6. Nxc6 Qxc6 7. Nc3 Bb4
8. Bd2 Bd7 9. a3 Bxc3 10. Bxc3 O-O-O 11. Bxg7 Nf6 12. Bxh8 Bg4 13. Qxd8+ Kxd8
14. Bxf6+ Qxf6 15. f3 Bxf3 16. Be2 Bxe2 17. Kxe2 Qe5+ 18. Kf2 Qf4+ 19. Kg1 Qd4+
20. Kf1 Qd2 21. h4 Qxc2 22. Rh3 Qxb2 23. Rd1+ Kc8 24. Rhd3 b6 25. Kg1 f5 26.
Rf1 Qf6 27. Rf4 Kb7 28. Rdf3 c5 29. g4 Qa1+ 30. Rf1 Qxa3 31. gxf5 c4 32. R4f3
Qc5+ 33. Kg2 Qd4 34. f6 Qg4+ 35. Rg3 Qe2+ 36. Rf2 Qe4+ 37. Rff3 c3 38. Kh3 c2
39. Rf1 Qe6+ 40. Kh2 Qe2+ 41. Kg1 Qxf1+ 42. Kxf1 c1=Q+ 43. Kg2 Qb2+ 44. Kh3
Qxf6 45. h5 Qf7 46. Kh4 Qf2 47. Kh3 Qxg3+ 48. Kxg3 a5 49. Kg4 a4 50. Kg5 a3 51.
Kh6 a2 52. Kxh7 a1=Q 53. Kg6 Qh8 54. h6 b5 55. Kf5 Qxh6 56. Ke5 Kc6 57. Kd4 Qg5
58. Kc3 Kc5 59. Kb3 Qc1 60. Ka2 b4 61. Kb3 Qc3+ 62. Ka2 b3+ 63. Ka3 Kc4 64. Ka4
Qa1# 0-1

[Event "Quebec-ch U20"]
[Site "Montreal CAN"]
[Date "2019.04.28"]
[Round "4.2"]
[White "Tanaka, Tyler"]
[Black "Saha, Ananda"]
[Result "1/2-1/2"]
[WhiteElo "2241"]
[BlackElo "2261"]
[PlyCount "82"]
[EventDate "2019.04.26"]
[EventType "swiss"]
[EventRounds "5"]
[EventCountry "CAN"]

1. e4 c5 2. Ne2 d6 3. d4 cxd4 4. Nxd4 Nf6 5. Nc3 g6 6. g3 Bg7 7. Bg2 O-O 8. O-O
Nc6 9. Nxc6 bxc6 10. e5 dxe5 11. Bxc6 Qxd1 12. Rxd1 Bg4 13. Bxa8 Bxd1 14. Nxd1
Rxa8 15. c4 a5 16. Nc3 Rc8 17. b3 e6 18. Bg5 Ng4 19. Rd1 f6 20. Bd2 f5 21. f3
Nf6 22. Be3 h6 23. Bb6 g5 24. Bxa5 g4 25. fxg4 Nxg4 26. Nb5 Bf8 27. Rd8 Rxd8
28. Bxd8 Bc5+ 29. Kg2 e4 30. a4 Ne3+ 31. Kf2 Nxc4+ 32. Ke2 Ne5 33. a5 Nc6 34.
Bb6 Bxb6 35. axb6 Kf7 36. Ke3 e5 37. Nd6+ Ke6 38. Ne8 Ke7 39. Ng7 Kf6 40. Ne8+
Ke7 41. Ng7 Kf6 1/2-1/2

[Event "Quebec-ch U20"]
[Site "Montreal CAN"]
[Date "2019.04.28"]
[Round "4.3"]
[White "Richard, Leo"]
[Black "Ouellet, Maili-Jade"]
[Result "0-1"]
[WhiteElo "2100"]
[BlackElo "2237"]
[PlyCount "109"]
[EventDate "2019.04.26"]
[EventType "swiss"]
[EventRounds "5"]
[EventCountry "CAN"]

1. Nf3 d5 2. g3 Nf6 3. Bg2 e6 4. O-O Be7 5. d3 b5 6. c4 bxc4 7. dxc4 Nbd7 8.
Nc3 Bb7 9. cxd5 exd5 10. Bf4 O-O 11. Rc1 c5 12. Nh4 Nb6 13. Nf5 Qd7 14. Nxe7+
Qxe7 15. Nb5 Ne8 16. Qc2 a6 17. Qxc5 Qxc5 18. Rxc5 Na4 19. Rc7 Nxc7 20. Nxc7
Rad8 21. Bh3 h6 22. Bd2 Bc8 23. Bg2 Rd7 24. Nxd5 Bb7 25. e4 Nxb2 26. Bb4 Re8
27. Bh3 Rdd8 28. Ba5 Bxd5 29. Bxd8 Bc4 30. Bc7 Bxf1 31. Bxf1 Re7 32. Bb6 Na4
33. Be3 Re6 34. Bc4 Rc6 35. Bd5 Rc7 36. Bf4 Rc3 37. Be5 Rc2 38. Kg2 Nc5 39. Bd4
Nd3 40. Bb3 Rc6 41. Bd5 Rc7 42. Kf3 Nb4 43. Bb3 Nc2 44. Bb2 a5 45. Ke2 Rb7 46.
Bc3 Nb4 47. a3 Na6 48. Bd5 Rb5 49. Bc4 Rc5 50. Kd3 Nb8 51. Bd5 Nd7 52. Kd4 Kf8
53. h4 Ke7 54. a4 f6 55. Bc4 0-1

[Event "Quebec-ch U20"]
[Site "Montreal CAN"]
[Date "2019.04.28"]
[Round "4.4"]
[White "Zhong, Kevin"]
[Black "Wu, Tony (Dongze)"]
[Result "1/2-1/2"]
[WhiteElo "2202"]
[BlackElo "1997"]
[PlyCount "86"]
[EventDate "2019.04.26"]
[EventType "swiss"]
[EventRounds "5"]
[EventCountry "CAN"]

1. e4 c5 2. Ne2 d6 3. g3 g6 4. Bg2 Bg7 5. c3 e5 6. d4 cxd4 7. cxd4 Qb6 8. d5
Ne7 9. Nbc3 a5 10. Be3 Qa6 11. Rc1 Bd7 12. Na4 Nc8 13. Rxc8+ Bxc8 14. Nb6 Nd7
15. Nxa8 Qxa8 16. Nc3 Ke7 17. Nb5 b6 18. O-O Nc5 19. a3 Bd7 20. Nc3 a4 21. f4
f6 22. fxe5 fxe5 23. Bg5+ Ke8 24. h4 Rf8 25. Rxf8+ Bxf8 26. h5 Be7 27. Qd2 Qd8
28. Be3 gxh5 29. Bxc5 bxc5 30. Qh6 Bg4 31. Qxh7 Qb6 32. Qg8+ Bf8 33. Qg6+ Kd7
34. Qf7+ Be7 35. Qf2 Qb3 36. Bf1 Kd8 37. Bb5 Bd7 38. Bxd7 Kxd7 39. Qe2 c4 40.
Qf2 Ke8 41. Qe2 Kd7 42. Qf2 Ke8 43. Qe2 Kd7 1/2-1/2

[Event "Quebec-ch U20"]
[Site "Montreal CAN"]
[Date "2019.04.28"]
[Round "4.5"]
[White "Guipi Bopala, Prince Eric jr"]
[Black "Zheng, Richard"]
[Result "0-1"]
[WhiteElo "1843"]
[BlackElo "2150"]
[PlyCount "94"]
[EventDate "2019.04.26"]
[EventType "swiss"]
[EventRounds "5"]
[EventCountry "CAN"]

1. d4 d5 2. Bf4 c5 3. e3 Nc6 4. Nf3 Nf6 5. c3 Qb6 6. Qb3 c4 7. Qxb6 axb6 8.
Nbd2 b5 9. a3 b4 10. cxb4 Nxb4 11. Rc1 Nc6 12. Be2 h6 13. h3 Bf5 14. O-O e6 15.
Bh2 b5 16. Ne5 Nxe5 17. Bxe5 Ne4 18. Nxe4 Bxe4 19. Ra1 f6 20. Bg3 Bg6 21. Rfc1
Kf7 22. f3 Be7 23. Be1 Ra7 24. Bd1 Rha8 25. Bc2 Bxc2 26. Rxc2 b4 27. Kf2 bxa3
28. bxa3 Rxa3 29. Rxa3 Rxa3 30. Ke2 e5 31. Bc3 Bd6 32. Be1 Ke6 33. Bc3 Rb3 34.
Be1 g5 35. g4 Rd3 36. Rc3 Bb4 37. Rxd3 cxd3+ 38. Kd1 Bxe1 39. Kxe1 e4 40. fxe4
dxe4 41. Kd2 f5 42. Ke1 fxg4 43. hxg4 Kf6 44. Kd2 Kg6 45. Ke1 h5 46. gxh5+ Kxh5
47. Kf2 Kg6 0-1

[Event "Quebec-ch U20"]
[Site "Montreal CAN"]
[Date "2019.04.28"]
[Round "4.6"]
[White "Kirakov, Marin"]
[Black "Gaumont, Xavier"]
[Result "1-0"]
[WhiteElo "1656"]
[BlackElo "1263"]
[PlyCount "37"]
[EventDate "2019.04.26"]
[EventType "swiss"]
[EventRounds "5"]
[EventCountry "CAN"]

1. e4 e5 2. Nf3 Nc6 3. d4 exd4 4. Bc4 Bb4+ 5. c3 dxc3 6. O-O Nge7 7. bxc3 Bc5
8. Ng5 Ne5 9. Bb3 h6 10. Nxf7 Nxf7 11. Bxf7+ Kxf7 12. Qh5+ Ng6 13. Qxc5 Re8 14.
Qd5+ Kf8 15. Ba3+ d6 16. f4 Re7 17. f5 Nh8 18. e5 Rxe5 19. Qxe5 1-0

[Event "Quebec-ch U20"]
[Site "Montreal CAN"]
[Date "2019.04.28"]
[Round "4.7"]
[White "Hu, Raymond"]
[Black "Bilodeau-Savaria, Sandy-Rose"]
[Result "1-0"]
[WhiteElo "1462"]
[BlackElo "1211"]
[PlyCount "91"]
[EventDate "2019.04.26"]
[EventType "swiss"]
[EventRounds "5"]
[EventCountry "CAN"]

1. e4 c5 2. d4 cxd4 3. c3 dxc3 4. Bc4 cxb2 5. Bxb2 Nc6 6. Nf3 e6 7. O-O d6 8.
Re1 Nf6 9. e5 dxe5 10. Qe2 Be7 11. Nxe5 Nxe5 12. Bxe5 O-O 13. Rd1 Qa5 14. Rd3
Rd8 15. Rh3 a6 16. Bd3 g6 17. Nc3 Qb4 18. a3 Qc5 19. Re3 b5 20. Be4 Nxe4 21.
Rxe4 Bb7 22. Re3 Qc6 23. Qg4 Rac8 24. Qh3 h5 25. Rg3 Kf8 26. Re1 Bxa3 27. Qh4
Be7 28. Qf4 Bd6 29. Qh6+ Ke8 30. Qh8+ Kd7 31. Qf6 Kc7 32. Qxf7+ Rd7 33. Qxe6
Bxe5 34. Qxe5+ Qd6 35. Qe2 b4 36. Na2 Rg8 37. Qc4+ Kb8 38. Qxg8+ Ka7 39. Qb3
Qd2 40. Qe3+ Qxe3 41. Rgxe3 a5 42. Re5 b3 43. Nc3 b2 44. Rxa5+ Kb6 45. Rb5+ Kc6
46. Rxb2 1-0

[Event "Quebec-ch U20"]
[Site "Montreal CAN"]
[Date "2019.04.28"]
[Round "5.2"]
[White "Tanaka, Tyler"]
[Black "Rodrigue-Lemieux, Shawn"]
[Result "0-1"]
[WhiteElo "2241"]
[BlackElo "2372"]
[PlyCount "114"]
[EventDate "2019.04.26"]
[EventType "swiss"]
[EventRounds "5"]
[EventCountry "CAN"]

1. c4 Nf6 2. g3 e6 3. Nf3 b6 4. Bg2 Bb7 5. O-O Be7 6. b3 O-O 7. Bb2 d5 8. cxd5
exd5 9. a3 c5 10. d4 Na6 11. Nbd2 Nc7 12. Re1 Ne6 13. e3 a5 14. a4 Re8 15. Rc1
Rb8 16. Ba3 Bf8 17. Bb2 h6 18. Nb1 Ne4 19. Nc3 Qf6 20. Qc2 cxd4 21. Nxe4 dxe4
22. Nxd4 Nxd4 23. Bxd4 Qe6 24. Bf1 Rec8 25. Bc4 Qg6 26. Red1 h5 27. h4 Ba3 28.
Bb2 Be7 29. Kh2 Qf5 30. Qe2 Rd8 31. Kg2 Qg6 32. Rd4 Bxh4 33. Rh1 Bf6 34. Rxd8+
Rxd8 35. Bxf6 Qxf6 36. Qxh5 Qf3+ 37. Qxf3 exf3+ 38. Kh2 Rd2 39. Rf1 Bc8 40. Kg1
Bf5 41. Rc1 g5 42. e4 Bxe4 43. Re1 Rd4 44. g4 Bg6 45. Re3 Rxg4+ 46. Kh1 Rf4 47.
Kh2 Kf8 48. Kg3 Be4 49. Bd3 f5 50. Bxe4 fxe4 51. Rc3 Ke7 52. Re3 Kd6 53. Rc3
Kd5 54. Re3 Kd4 55. Kh3 Rh4+ 56. Kg3 Rh1 57. Kg4 Rh2 0-1

[Event "Quebec-ch U20"]
[Site "Montreal CAN"]
[Date "2019.04.28"]
[Round "5.3"]
[White "Zheng, Richard"]
[Black "Saha, Ananda"]
[Result "1/2-1/2"]
[WhiteElo "2150"]
[BlackElo "2261"]
[PlyCount "128"]
[EventDate "2019.04.26"]
[EventType "swiss"]
[EventRounds "5"]
[EventCountry "CAN"]

1. b3 Nf6 2. Bb2 d6 3. d4 g6 4. Nf3 Bg7 5. c4 O-O 6. e3 c6 7. Nc3 Nbd7 8. Be2
Re8 9. O-O e5 10. dxe5 dxe5 11. Qd6 e4 12. Ne1 Ne5 13. Rd1 Qxd6 14. Rxd6 Bf5
15. Nc2 g5 16. Rd2 h5 17. Nd4 Bg6 18. Rfd1 g4 19. Bf1 h4 20. Nce2 Nd3 21. Ba3
Bh6 22. g3 h3 23. Nf4 Nxf4 24. gxf4 Bg7 25. Ne2 a6 26. Ng3 b5 27. Bb2 Nh5 28.
Bxg7 Nxg3 29. fxg3 Kxg7 30. Be2 Bf5 31. Rd6 Rec8 32. Kf2 Rab8 33. Rc1 a5 34.
cxb5 cxb5 35. Rdc6 Rxc6 36. Rxc6 a4 37. Rc5 axb3 38. axb3 Bd7 39. Re5 Ra8 40.
Rxe4 Ra1 41. Rd4 Be6 42. Rd1 Ra2 43. Rd3 Rb2 44. e4 Bxb3 45. Ke3 Be6 46. Rd2
Rb3+ 47. Rd3 Rb1 48. Rd1 Rb3+ 49. Rd3 Rb4 50. Rd4 Bc4 51. Bxg4 Rb3+ 52. Kf2
Rb2+ 53. Kg1 Rc2 54. Bxh3 b4 55. Bf5 b3 56. e5 Rc1+ 57. Kf2 b2 58. Rd2 b1=Q 59.
Bxb1 Rxb1 60. Kf3 Be6 61. Rd3 Rf1+ 62. Kg2 Ra1 63. Kf3 Bf5 64. Rc3 Rf1+ 1/2-1/2